000 00821 a2200205 4500
999 _c8074
_d8074
020 _a9780393097160
050 _aMT224 BAC 1959
100 _aBach, Carl Philipp Emanuel
_eauthor
245 _aEssay on the true art of playing keyboard instruments /
_cCarl Philipp Emanuel Bach; translated and edited by William J Mitchell
264 _aNew York :
_bW.W. Norton & Company,
_c [1949]
300 _axiii, 449 pages :
_bportrait, facsimiles, music ; 24 cm
500 _aIncludes bibliographical references
650 _aMusical accompaniment
650 _aPiano
_xInstruction and study
650 _aHarpsichord
_xInstruction and study
650 _aClavichord
_xInstruction and study
650 _aKeyboard instruments
_xInstruction and study
700 _aMitchell, William J.
_eeditor
942 _2lcc
_cBK
_h224
_iBAC
_kMT